000
00237nam a2200097Ia 4500
082
_a
BIE
245
0
_a
MAN IN DIE DONKER
100
_a
BIERMAN, Ettie 1975
_9
98060
942
_c
BK
008
210817s9999 xx 000 0 und d
999
_c
415772
_d
415771